000 00970cam a2200325 i 4500
999 _c31887
_d31887
001 8384
003 OSt
005 20170110141357.0
008 790911s1979 njua b 001 0 eng
010 _a 78021462
020 _a0132145103 :
_c$21.50
035 _a(OCoLC)4494693
035 _a(OCoLC)ocm04494693
035 _a(CStRLIN)NYCG12047023-B
035 _a(NNC)8384
040 _cn
050 0 _aTK7888.3
_b.M345
082 _a621.3815/3
100 1 _aMano, M. Morris,
_d1927-
245 1 0 _aDigital Logic and Computer Design /
_cM. Morris Mano.
260 _aEnglewood Cliffs, N.J. :
_bPrentice-Hall,
_cc1979.
300 _axii, 612 p. :
_bill. ;
_c25 cm.
_e& Solutions manual (99 p. in various paging)
504 _aIncludes bibliographical references and index.
650 0 _aElectronic digital computers.
650 0 _aLogic circuits.
650 0 _aDigital integrated circuits.
650 0 _aLogic design.
942 _2ddc
_cBK